01120nab a22002537a 4500003000400000005001700004008004100021040000700062100002300069245009600092260007300188300001200261500003600273505019700309505008100506650001800587650002400605650001200629650001600641650001400657650003600671650001000707773014900717OSt20260218114902.0190429b xxu||||| |||| 00| 0 spa d cPJ aBasso, Andrés F.10aSecuestro extorsivo seguido de una muerte producida con dolo eventual /cAndrés F. Basso. cCiudad Autónoma de Buenos Aires :aThomson Reuters La Ley, b2024. ap. 3-12 aCita: TR LALEY AR/DOC/819/2024. aSumario: I. Introducción.— II. Posición de la fiscalía de juicio y, en general, de la doctrina.— III. Concurrencia de dolo eventual. Interpretación integral y ubicación típica. tSi te interesa el texto completo, solicitalo a koha@justierradelfuego.gov.ar 0aDERECHO PENAL 0aSECUESTRO EXTORSIVO 0aDELITOS 0aEXTORSIÓN 0aHOMICIDIO 0aPRIVACION ILEGAL DE LA LIBERTAD 0aRAPTO0 02658tRevista de derecho penal y criminología. Nº 7 - Julio 2024dCiudad Autónoma de Buenos Aires : Thomson Reuters La Ley, 2017-x00347914